Library Banner

Reasoning and the logic of things (Record no. 52842)

MARC details
000 -LEADER
fixed length control field 00502nam a2200181Ia 4500
001 - CONTROL NUMBER
control field 55504
008 - FIXED-LENGTH DATA ELEMENTS--GENERAL INFORMATION
fixed length control field 140506s9999 xx 000 0 und d
020 ## - INTERNATIONAL STANDARD BOOK NUMBER
International Standard Book Number NA
040 ## - CATALOGING SOURCE
Transcribing agency PK-LaUMT
082 ## - DEWEY DECIMAL CLASSIFICATION NUMBER
Classification number MAL 160
Item number REA-
100 ## - MAIN ENTRY--PERSONAL NAME
Personal name Ketner, Kenneth Laine
245 ## - TITLE STATEMENT
Title Reasoning and the logic of things
Remainder of title the Cambridge conferences lectures of 1898
Statement of responsibility, etc Ketner, Kenneth Laine
260 ## - PUBLICATION, DISTRIBUTION, ETC. (IMPRINT)
Place of publication, distribution, etc Cambridge,USA:
Name of publisher, distributor, etc Harvard University Press,
Date of publication, distribution, etc 1992
300 ## - PHYSICAL DESCRIPTION
Extent 297 p.
546 ## - LANGUAGE NOTE
Language note EN
650 ## - SUBJECT ADDED ENTRY--TOPICAL TERM
Topical term or geographic name as entry element Logic
942 ## - ADDED ENTRY ELEMENTS (KOHA)
Koha item type Books
Holdings
Withdrawn status Lost status Damaged status Not for loan Home library Current library Date acquired Total Checkouts Full call number Barcode Date last seen Price effective from Koha item type
        UMT Main Campus UMT Main Campus 2014-05-06   MAL 160 REA- 75151 2014-05-08 2014-05-08 Books